| 000 | 00700nam a2200217Ia 4500 | ||
|---|---|---|---|
| 008 | 191130s2000##################000#0#eng## | ||
| 020 | _a9780521662482 | ||
| 022 | _a99015851 | ||
| 040 |
_aACL _cACL |
||
| 082 | _a307.76094 BAG | ||
| 245 |
_aCities in contemporary Europe _cedited by Arnaldo Bagnasco and Patrick Le Galès |
||
| 260 |
_aCambridge _bCambridge University Press _cc2000 |
||
| 300 | _aix, 219 p. : ill., ; 24 cm | ||
| 500 | _aIncludes bibliographical references (p. 198-219) and index | ||
| 650 | _aCities and towns - Europe | ||
| 700 | _aBagnasco, Arnaldo | ||
| 700 | _aLe Galès, Patrick | ||
| 990 | _acf07ff31ac10000c2a167b07221a3715 | ||
| 991 | _a38244 | ||
| 999 |
_c251409 _d251409 |
||